Criterios para definir un plan de manejo que lleve a un desarrollo sostenible del ecoturismo en el Santuario de Fauna y Flora de Iguaque (Boyacá- Colombia) (Registro nro. 16319)
[ vista simple ]
| 000 -CABECERA | |
|---|---|
| Campo de control | 006900000a22001930004500 |
| 090 ## - CLASIFICACIÓN LOCAL | |
| Colección | Seriadas |
| 044 ## - PAÍS DE PUBLICACIÓN | |
| País de publicación | |
| 041 0# - IDIOMA | |
| Código de idioma para texto/pista de sonido o título separado | |
| 100 1# - ASIENTO PRINCIPAL--NOMBRE PERSONAL | |
| Nombre personal | Gutierrez Fernández, Luis Fernando |
| 245 10 - MENCION DE TITULO | |
| Título | Criterios para definir un plan de manejo que lleve a un desarrollo sostenible del ecoturismo en el Santuario de Fauna y Flora de Iguaque (Boyacá- Colombia) |
| 260 ## - PUBLICACION, DISTRIBUCION, ETC. (PIE DE IMPRENTA) | |
| Fecha de publicación, distribución, etc. | 2005 |
| 651 #4 - ASIENTO SECUNDARIO DE MATERIA - NOMBRE GEOGRAFICO | |
| -- | Boyacá |
| -- | Laguna de Iguaque |
| 700 1# - ASIENTO SECUNDARIO - NOMBRE PERSONAL | |
| Nombre personal | Puertas Dellepianes, Ernesto |
| 773 1# - Item fuente: | |
| Título | Ambiente y desarrollo |
| Descripción física | 15/16 |
| Paginas del Articulo | 99-117 |
| Lugar, editorial y fecha de publicación | 2004/2005 |
| 942 ## - ELEMENTOS ADICIONALES (KOHA) | |
| Tipo de ítem | Artículo |
No hay ítems disponibles.